20 Länder auf einer topologischen Karte - Statistiken

Allgemein
  • Dieses Quiz wurde 7.677 mal gespielt
  • Das Durchschnittsergebnis liegt bei 12 aus 20
Antworten auf der Karte
Die Antworten werden auf der Karte rot bzw. grün angezeigt, abhängig davon wie oft sie richtig erraten wurden.
 
Antwortstatistiken
Land % Korrekt
Kanada
91%
Brasilien
87%
Chile
86%
Italien
72%
Südafrika
69%
Algerien
67%
Türkei
65%
Guatemala
64%
Portugal
62%
Ukraine
62%
D. R. Kongo
61%
Griechenland
61%
Saudi-Arabien
60%
Israel
55%
Andorra
54%
Indonesien
50%
Mongolei
46%
Südkorea
41%
Vietnam
39%
Afghanistan
37%
Keine übereinstimmenden Quizze gefunden
Verteilung der Resultate
Anzahl Personen mit jedem Resultat
Perzentil nach korrekt beantworteten Fragen
Ihre Resultats-Entwicklung
Sie haben dieses Quiz noch nicht gespielt